Circuits GP F1 2023 - Statistiques

Statistiques générales
  • Ce quiz a été pris 1 721 fois
    1 539 depuis la dernière actualisation
  • Le résultat moyen est 18 sur 24
Statistiques - réponses
Circuit Grand Prix % Correct
Shangaï Chine
94%
Melbourne Australie
93%
Montréal Canada
88%
Barcelone Espagne
87%
Monza Italie
87%
Monte-Carlo Monaco
87%
Spa-Francorchamps Belgique
86%
Suzuka Japon
85%
Mexico Mexique
85%
Sao Paulo Brésil
84%
Silverstone Grande-Bretagne
84%
Bakou Azerbaïdjan
81%
Budapest Hongrie
81%
Zandvoort Pays-Bas
81%
Djeddah Arabie Saoudite
80%
Sakhir Bahreïn
76%
Austin Etats-Unis
76%
Spielberg Autriche
72%
Losail Qatar
56%
Marina Bay Singapour
56%
Imola Emilie-Romagne / Saint-Marin
52%
Miami Miami
49%
Las Vegas Las Vegas
46%
Yas Marina Abu Dhabi
45%
Aucun quiz correspondant
Distribution des résultats
% des personnes avec chaque résultat
Percentile par nombre de réponses
Votre historique - résultats
Vous n’avez pas pris ce quiz depuis la dernière actualisation